<?xml version="1.0" encoding="UTF-8"?>
<record
    xmlns:xsi="http://www.w3.org/2001/XMLSchema-instance"
    xsi:schemaLocation="http://www.loc.gov/MARC21/slim http://www.loc.gov/standards/marcxml/schema/MARC21slim.xsd"
    xmlns="http://www.loc.gov/MARC21/slim">

  <leader>00723nam2a22002411  4500</leader>
  <controlfield tag="001">RU\NLR\INFOCOMM5\1000385238</controlfield>
  <controlfield tag="005">20250617132819.0</controlfield>
  <datafield tag="035" ind1=" " ind2=" ">
    <subfield code="a">(NLR Aleph) 002631193</subfield>
  </datafield>
  <datafield tag="090" ind1=" " ind2=" ">
    <subfield code="a">3702451</subfield>
    <subfield code="c">3702451</subfield>
  </datafield>
  <datafield tag="100" ind1=" " ind2=" ">
    <subfield code="a">20040625d2001    |||y0rusy50      ca</subfield>
  </datafield>
  <datafield tag="101" ind1="0" ind2=" ">
    <subfield code="a">rus</subfield>
  </datafield>
  <datafield tag="102" ind1=" " ind2=" ">
    <subfield code="a">RU</subfield>
  </datafield>
  <datafield tag="105" ind1=" " ind2=" ">
    <subfield code="a">y   |||||||||</subfield>
  </datafield>
  <datafield tag="200" ind1="0" ind2=" ">
    <subfield code="a">2001, &#x412;&#x44B;&#x43F;.4</subfield>
  </datafield>
  <datafield tag="210" ind1=" " ind2=" ">
    <subfield code="d">2001</subfield>
    <subfield code="a">&#x411;. &#x43C;.</subfield>
  </datafield>
  <datafield tag="461" ind1=" " ind2="0">
    <subfield code="1">001RU\NLR\INFOCOMM5\1000385236</subfield>
    <subfield code="1">2001#$a&#x41F;&#x43B;&#x430;&#x43D;&#x435;&#x442;&#x430; &#x444;&#x443;&#x442;&#x431;&#x43E;&#x43B;$v2001, &#x412;&#x44B;&#x43F;.4</subfield>
    <subfield code="9">3702435</subfield>
    <subfield code="c">&#x41C;.</subfield>
    <subfield code="d">2001-</subfield>
    <subfield code="n">&#x41F;&#x440;&#x43E;&#x444;&#x438;&#x437;&#x434;&#x430;&#x442;</subfield>
    <subfield code="t">&#x41F;&#x43B;&#x430;&#x43D;&#x435;&#x442;&#x430; &#x444;&#x443;&#x442;&#x431;&#x43E;&#x43B;</subfield>
    <subfield code="v">2001, &#x412;&#x44B;&#x43F;.4</subfield>
  </datafield>
  <datafield tag="801" ind1=" " ind2="1">
    <subfield code="a">RU</subfield>
    <subfield code="b">InfoComm</subfield>
    <subfield code="c">20040625</subfield>
  </datafield>
  <datafield tag="801" ind1=" " ind2="0">
    <subfield code="a">RU</subfield>
    <subfield code="b">NLR</subfield>
    <subfield code="g">PSBO</subfield>
  </datafield>
  <datafield tag="852" ind1=" " ind2=" ">
    <subfield code="a">NLR</subfield>
    <subfield code="j">&#x41F;41/180</subfield>
  </datafield>
  <datafield tag="942" ind1=" " ind2=" ">
    <subfield code="c">ISSUE</subfield>
  </datafield>
  <datafield tag="980" ind1=" " ind2=" ">
    <subfield code="a">NB</subfield>
  </datafield>
  <datafield tag="980" ind1=" " ind2=" ">
    <subfield code="a">RUSPER</subfield>
  </datafield>
</record>
